000 00701nam a2200229 i 4500
001 bgj
100 1 _aFRENDO, Evan
245 1 0 _aHow to Teach Business English /
_cEvan Frendo.
260 _aHarlow, Essex :
_bLongman,
_c2007.
300 _aVI, 162 pp :
_bill. ;
_c25 cm.
490 1 _aHow to... / Jeremy Harmer, series editor
504 _aBibliography p. 156-159.
505 _aIncludes index.
650 9 _aBusiness English
_aEnglish language
_xStudy and teaching
_xForeign speakers
830 0 _aHow to... (Jeremy Harmer, series editor)
020 _a0582779969
040 _cBPK
041 0 _aeng
920 _a0-582-77996-9
942 _cKS
008 s uk f |000 0 eng
999 _c49125
_d49125
856 _uhttp://koha.tu.koszalin.pl/cgi-bin/koha/opac-detail.pl?biblionumber=49125
_yKatalog online BPK